[Event "TCh-TUR Super League 2015"]
[Site "Kocaeli TUR"]
[Date "2015.08.09"]
[Round "7.7"]
[Board "1"]
[White "Annaberdiev, Meilis"]
[Black "Kuzubov, Yuriy"]
[Result "1/2-1/2"]
[WhiteTitle "IM"]
[BlackTitle "GM"]
[WhiteElo "2417"]
[BlackElo "2638"]
[WhiteTeam "Akdeniz Belediyesi Sports Club"]
[BlackTeam "Tarsus Zeka Satranc Kulubu"]
[WhiteFideId "14000563"]
[BlackFideId "14112906"]
[EventDate "2015.08.04"]

1. e4 c6 2. Nc3 d5 3. Nf3 Bg4 4. Be2 e6 5. d4 Nf6 6. e5 Nfd7 7. Ng5 Bxe2 8. Qxe2
Be7 9. Qh5 g6 10. Qh6 Bf8 11. Qh3 Be7 12. Qh6 Bf8 13. Qh3 Bg7 14. Be3 Qe7 15. f4
Na6 16. a3 Nb6 17. b3 O-O-O 18. O-O Kb8 19. a4 Rc8 20. Qg3 Bf8 21. Qf2 Nd7 22.
Kh1 Qe8 23. Nf3 f6 24. Na2 Nb4 25. c4 fxe5 26. fxe5 Nxa2 27. Rxa2 Be7 28. c5 Rf8
29. Bh6 Rf5 30. g4 Rf7 31. Qe3 Qg8 32. Raf2 Bf8 33. Bg5 Bg7 34. b4 Ka8 35. Bh4
h6 36. Bg3 g5 37. Qd3 Bf8 38. b5 Bxc5 39. bxc6 bxc6 40. dxc5 Nxc5 41. Qc2 Ne4
42. Re2 h5 43. Rxe4 dxe4 44. Qxe4 h4 45. Bf2 Rf4 46. Qe3 c5 47. Bxh4 Qf7 48. Bg3
Rxg4 49. Kg1 1/2-1/2

[Event "TCh-TUR Super League 2015"]
[Site "Kocaeli TUR"]
[Date "2015.08.09"]
[Round "7.7"]
[Board "2"]
[White "Mchedlishvili, Mikheil"]
[Black "Annaberdiyev, Babageldi"]
[Result "1-0"]
[WhiteTitle "GM"]
[BlackTitle "FM"]
[WhiteElo "2605"]
[BlackElo "2234"]
[WhiteTeam "Tarsus Zeka Satranc Kulubu"]
[BlackTeam "Akdeniz Belediyesi Sports Club"]
[WhiteFideId "13600966"]
[BlackFideId "14000385"]
[EventDate "2015.08.04"]

1. d4 Nf6 2. c4 g6 3. g3 Bg7 4. Bg2 O-O 5. Nc3 d6 6. Nf3 Nc6 7. O-O a6 8. Qd3
Bg4 9. d5 Nb4 10. Qd1 a5 11. h3 Bd7 12. e4 e5 13. Be3 h6 14. b3 Ne8 15. Nh4 Kh7
16. a3 Na6 17. Qc2 c5 18. dxc6 bxc6 19. Rad1 Qe7 20. Na4 c5 21. Nb6 Rb8 22. Nxd7
Qxd7 23. Rd3 Qa7 24. f4 exf4 25. gxf4 Qe7 26. Nf3 Nac7 27. Qd2 Ne6 28. Qxa5 Nf6
29. e5 dxe5 30. Nxe5 Nh5 31. Nc6 Qf6 32. Nxb8 Rxb8 33. Qe1 Qf5 34. Rd5 Qc2 35.
f5 Nd4 36. fxg6+ fxg6 37. Bxd4 Bxd4+ 38. Rxd4 cxd4 39. Rf7+ Ng7 40. Rxg7+ Kxg7
41. Qe5+ Kh7 42. Qc7+ 1-0

[Event "TCh-TUR Super League 2015"]
[Site "Kocaeli TUR"]
[Date "2015.08.09"]
[Round "7.7"]
[Board "3"]
[White "Dogan, Nazmi Can"]
[Black "Yurtseven, Ahmet Can"]
[Result "1-0"]
[BlackTitle "FM"]
[WhiteElo "2213"]
[BlackElo "2291"]
[WhiteTeam "Akdeniz Belediyesi Sports Club"]
[BlackTeam "Tarsus Zeka Satranc Kulubu"]
[WhiteFideId "6309658"]
[BlackFideId "6300081"]
[EventDate "2015.08.04"]

1. e4 c6 2. d4 d5 3. Nd2 dxe4 4. Nxe4 Bf5 5. Ng3 Bg6 6. h4 h6 7. Nf3 Nd7 8. h5
Bh7 9. Bd3 Bxd3 10. Qxd3 e6 11. Bd2 Ngf6 12. O-O-O Be7 13. Kb1 O-O 14. Qe2 b5
15. Ne5 Qc7 16. Ng6 Rfe8 17. Nxe7+ Rxe7 18. Ne4 Nd5 19. f3 f5 20. Nf2 e5 21. Qd3
exd4 22. Qxd4 Qe5 23. Qh4 Qf6 24. Qh2 N7b6 25. Nd3 Re2 26. Rhe1 Rae8 27. Rxe2
Rxe2 28. Qb8+ Kh7 29. Qxa7 Nc4 30. Be1 Rxg2 31. Qc5 Rh2 32. Bf2 Rxh5 33. Bd4 Qd6
34. Qxd6 Nxd6 35. Ne5 Nc4 36. Nxc4 bxc4 37. a4 f4 38. a5 c5 39. Bf2 Ne3 40. a6
Re5 41. a7 Re8 42. Rd7 Kg6 43. Bh4 Ra8 44. Be7 h5 45. Bxc5 h4 46. Bd6 Ng2 47.
Bc5 h3 48. Rd1 Nh4 49. Rh1 Nxf3 50. Rxh3 Ne5 51. b4 Kf5 52. b5 Nd7 53. Bf2 g5
54. Rh7 Ke6 55. Rg7 Kd6 56. Rxg5 Kc7 57. Rg7 1-0

[Event "TCh-TUR Super League 2015"]
[Site "Kocaeli TUR"]
[Date "2015.08.09"]
[Round "7.7"]
[Board "4"]
[White "Keler, Faruk"]
[Black "Kilic, Ihsan"]
[Result "1-0"]
[WhiteElo "2286"]
[BlackElo "2025"]
[WhiteTeam "Tarsus Zeka Satranc Kulubu"]
[BlackTeam "Akdeniz Belediyesi Sports Club"]
[WhiteFideId "6302734"]
[BlackFideId "6305334"]
[EventDate "2015.08.04"]

1. e4 e5 2. Nf3 Nf6 3. Nc3 Nc6 4. Bb5 Bb4 5. d3 d6 6. O-O Bxc3 7. bxc3 O-O 8.
Re1 Ne7 9. d4 Ng6 10. dxe5 dxe5 11. Ba3 c6 12. Bxf8 Qxf8 13. Bf1 h6 14. Qb1 Rb8
15. Qb4 Qe8 16. Nd2 Bd7 17. Nc4 b6 18. Nd6 Qe7 19. Nf5 Bxf5 20. exf5 c5 21. Qa4
Nf8 22. Rad1 Rb7 23. Qc6 Rc7 24. Qd6 Qxd6 25. Rxd6 N8d7 26. Bb5 Kf8 27. Red1 Ke7
28. Rc6 Rxc6 29. Bxc6 Nb8 30. Bb5 Ne4 31. Re1 Nd6 32. Bf1 Kf6 33. g4 Nd7 34. Rd1
Ke7 35. f3 c4 36. Rd5 f6 37. Kf2 b5 38. a4 a6 39. axb5 axb5 40. Rd1 Nc5 41. Ke3
Na4 42. Kd2 Kd7 43. Ra1 Kc6 44. h4 Kc5 45. Bg2 Nf7 46. f4 Kd6 47. Rb1 Kc5 48.
Rd1 exf4 49. Rf1 Nb6 50. Rxf4 Nd7 51. Rd4 Nde5 52. Ke3 Kb6 53. Kf4 Kc5 54. Rd1
Kb6 55. Ra1 Nd6 56. Ra8 g5+ 57. fxg6 Nxg6+ 58. Kg3 Kc5 59. Ra6 Ne5 60. h5 Ndf7
61. Rxf6 b4 62. cxb4+ Kxb4 63. Kf4 Kc3 64. Be4 Kd4 65. Bg6 1-0

[Event "TCh-TUR Super League 2015"]
[Site "Kocaeli TUR"]
[Date "2015.08.09"]
[Round "7.7"]
[Board "5"]
[White "Yordanova, Svetla"]
[Black "Kaplan, Ebru"]
[Result "1-0"]
[WhiteTitle "WIM"]
[WhiteElo "2131"]
[BlackElo "1902"]
[WhiteTeam "Akdeniz Belediyesi Sports Club"]
[BlackTeam "Tarsus Zeka Satranc Kulubu"]
[WhiteFideId "2905108"]
[BlackFideId "6315194"]
[EventDate "2015.08.04"]

1. d4 d5 2. Nf3 Nf6 3. c4 c6 4. Nc3 g6 5. cxd5 cxd5 6. Bf4 Bg7 7. e3 O-O 8. Be2
Nc6 9. O-O Bd7 10. Rc1 Rc8 11. h3 Qb6 12. Na4 Qa5 13. Rc5 Qd8 14. a3 Re8 15. b4
Bf8 16. b5 Na5 17. Ne5 e6 18. Rxc8 Bxc8 19. Qc1 Bd6 20. Bg5 Be7 21. Bf4 Bd6 22.
Nc5 Kg7 23. a4 Qe7 24. Qc3 b6 25. Ncd3 Bb7 26. f3 Rc8 27. Qe1 Rc2 28. Bd1 Rc8
29. Bg5 Qc7 30. Bxf6+ Kxf6 31. Qh4+ Kg7 32. Ng4 Be7 33. Qh6+ Kg8 34. Nde5 Bf8
35. Nf6+ 1-0

[Event "TCh-TUR Super League 2015"]
[Site "Kocaeli TUR"]
[Date "2015.08.09"]
[Round "7.7"]
[Board "6"]
[White "Komut, Burak"]
[Black "Ozer, Omer Faruk"]
[Result "0-1"]
[WhiteElo "2007"]
[BlackElo "2067"]
[WhiteTeam "Tarsus Zeka Satranc Kulubu"]
[BlackTeam "Akdeniz Belediyesi Sports Club"]
[WhiteFideId "6309984"]
[BlackFideId "6354564"]
[EventDate "2015.08.04"]

1. Nf3 Nf6 2. g3 b5 3. Bg2 Bb7 4. O-O e6 5. d4 Be7 6. Nbd2 d5 7. a4 b4 8. c4 O-O
9. cxd5 Bxd5 10. Re1 Ne4 11. Qc2 f5 12. Ne5 Nxd2 13. Bxd2 Bxg2 14. Kxg2 Qxd4 15.
Nf3 Qc5 16. Qxc5 Bxc5 17. Rac1 Bd6 18. Rc4 a5 19. Bf4 Nd7 20. Rc6 e5 21. Be3 h6
22. h4 f4 23. gxf4 exf4 24. Bd4 Rae8 25. Kf1 Rf5 26. Rd1 g5 27. hxg5 hxg5 28.
Nh2 Rd5 29. Ng4 Re4 30. Kg2 Rdxd4 31. Rh1 Rxe2 32. Ra6 Re8 33. Nh6+ Kf8 34. Nf5
f3+ 35. Kh3 Ree4 36. Ra8+ Kf7 37. Rh8 Nf6 38. Nxd4 Rxd4 39. Re1 g4+ 40. Kh4 g3+
41. Kg5 gxf2 0-1

[Event "TCh-TUR Super League 2015"]
[Site "Kocaeli TUR"]
[Date "2015.08.09"]
[Round "7.7"]
[Board "7"]
[White "Acar, Utku Cengiz"]
[Black "Sevgi, Volkan"]
[Result "0-1"]
[BlackTitle "FM"]
[WhiteElo "1930"]
[BlackElo "2263"]
[WhiteTeam "Akdeniz Belediyesi Sports Club"]
[BlackTeam "Tarsus Zeka Satranc Kulubu"]
[WhiteFideId "6358900"]
[BlackFideId "6325335"]
[EventDate "2015.08.04"]

1. e4 c6 2. Nc3 d5 3. Nf3 g6 4. d4 Bg7 5. exd5 cxd5 6. Bb5+ Bd7 7. Bxd7+ Qxd7 8.
O-O Nc6 9. Ne2 Nf6 10. c3 Ne4 11. Ne1 O-O 12. Nd3 b6 13. Bf4 f6 14. f3 Nd6 15.
Bxd6 Qxd6 16. f4 Rac8 17. Qe1 Qd7 18. Qg3 e6 19. Rae1 Na5 20. Qh3 Rce8 21. Ng3
Qb5 22. Nb4 f5 23. Rf2 Bxd4 24. cxd4 Qxb4 25. Rd1 Nc4 26. Nf1 Nd6 27. Qh6 Ne4
28. Rf3 Rc8 29. h4 Rf6 30. Ng3 Qf8 31. Qxf8+ Kxf8 32. Nxe4 fxe4 33. Rf2 h5 34.
g3 Rf7 35. Rfd2 Rfc7 36. Kf2 Rc1 37. Ke2 Kf7 38. b4 Kf6 39. a4 Kf5 40. a5 b5 41.
a6 Rxd1 42. Kxd1 e3 43. Ra2 Ke4 44. Ra5 Kf3 45. Ra3 Rc4 0-1

[Event "TCh-TUR Super League 2015"]
[Site "Kocaeli TUR"]
[Date "2015.08.09"]
[Round "7.7"]
[Board "8"]
[White "Okuyaz, Duru"]
[Black "Temel, Burcu Melis"]
[Result "0-1"]
[WhiteTitle "WCM"]
[BlackTitle "WCM"]
[WhiteElo "1919"]
[BlackElo "1878"]
[WhiteTeam "Tarsus Zeka Satranc Kulubu"]
[BlackTeam "Akdeniz Belediyesi Sports Club"]
[WhiteFideId "6346022"]
[BlackFideId "6345492"]
[EventDate "2015.08.04"]

1. e4 Nc6 2. Nc3 e5 3. d3 Bc5 4. Nf3 d6 5. Be2 h6 6. Nd5 Nf6 7. c3 Nxd5 8. exd5
Ne7 9. b4 Bb6 10. c4 O-O 11. Bb2 c5 12. dxc6 Nxc6 13. a3 a5 14. b5 Ne7 15. O-O
Nf5 16. d4 e4 17. Ne1 Qg5 18. Bg4 Ne3 19. fxe3 Bxg4 20. Qd2 Rac8 21. Rc1 Be6 22.
Qe2 Rc7 23. Rf4 f5 24. Kf1 Bf7 25. d5 Qh5 26. Qf2 Be8 27. Bd4 Bxd4 28. exd4 Bxb5
29. Kg1 Rxc4 30. Rb1 Ba6 31. g4 Qf7 32. Rxf5 Qe7 33. Ng2 Rxf5 34. gxf5 Qg5 35.
Qb2 Qxf5 36. Ne3 Qg5+ 37. Kf2 Qf4+ 0-1

[Event "TCh-TUR Super League 2015"]
[Site "Kocaeli TUR"]
[Date "2015.08.11"]
[Round "8.1"]
[Board "2"]
[White "Mchedlishvili, Mikheil"]
[Black "Fedorchuk, Sergey A."]
[Result "1/2-1/2"]
[WhiteTitle "GM"]
[BlackTitle "GM"]
[WhiteElo "2605"]
[BlackElo "2653"]
[WhiteTeam "Tarsus Zeka Satranc Kulubu"]
[BlackTeam "Kayseri Seker Sports Club"]
[WhiteFideId "13600966"]
[BlackFideId "14102536"]
[EventDate "2015.08.04"]

1. Nf3 Nf6 2. c4 b6 3. g3 c5 4. Bg2 Bb7 5. O-O g6 6. b3 Bg7 7. Bb2 O-O 8. Nc3
Na6 9. Rc1 e6 10. d4 d5 11. cxd5 Nxd5 12. Nxd5 1/2-1/2

[Event "TCh-TUR Super League 2015"]
[Site "Kocaeli TUR"]
[Date "2015.08.11"]
[Round "8.1"]
[Board "3"]
[White "Kanmazalp, Ogulcan"]
[Black "Yurtseven, Ahmet Can"]
[Result "1-0"]
[WhiteTitle "IM"]
[BlackTitle "FM"]
[WhiteElo "2468"]
[BlackElo "2291"]
[WhiteTeam "Kayseri Seker Sports Club"]
[BlackTeam "Tarsus Zeka Satranc Kulubu"]
[WhiteFideId "6304990"]
[BlackFideId "6300081"]
[EventDate "2015.08.04"]

1. e4 c6 2. d4 d5 3. Nc3 dxe4 4. Nxe4 Bf5 5. Ng3 Bg6 6. h4 h6 7. Nf3 Nd7 8. h5
Bh7 9. Bd3 Bxd3 10. Qxd3 e6 11. Bd2 Ngf6 12. O-O-O Be7 13. Kb1 O-O 14. Ne4 Nxe4
15. Qxe4 Nf6 16. Qe2 Qd5 17. Be3 b5 18. Nd2 Rfe8 19. g4 e5 20. dxe5 Qxe5 21. Nf3
Qe4 22. g5 Nd5 23. Rd4 Qf5 24. gxh6 Bf6 25. Nh4 Qe5 26. Qg4 Nxe3 27. fxe3 Qxe3
28. Nf5 Qe2 29. hxg7 Bxd4 30. Nh6+ 1-0

[Event "TCh-TUR Super League 2015"]
[Site "Kocaeli TUR"]
[Date "2015.08.11"]
[Round "8.1"]
[Board "4"]
[White "Keler, Faruk"]
[Black "Yilmazyerli, Mert"]
[Result "1/2-1/2"]
[BlackTitle "IM"]
[WhiteElo "2286"]
[BlackElo "2450"]
[WhiteTeam "Tarsus Zeka Satranc Kulubu"]
[BlackTeam "Kayseri Seker Sports Club"]
[WhiteFideId "6302734"]
[BlackFideId "6305962"]
[EventDate "2015.08.04"]

1. e4 c5 2. Nf3 d6 3. d4 Nf6 4. Nc3 cxd4 5. Nxd4 a6 6. g3 Bg4 7. f3 Bd7 8. Be3
Nc6 9. Qd2 Rc8 10. O-O-O b5 11. g4 Nxd4 12. Bxd4 b4 13. Bxf6 gxf6 14. Nd5 a5 15.
g5 fxg5 16. Qxg5 h5 17. Kb1 Rh6 18. e5 Rc5 19. Qe3 Bc6 20. exd6 Rxd5 21. Rxd5
Rxd6 22. Rxd6 Qxd6 23. Bd3 Bg7 24. Be4 Bd7 25. Qa7 e6 26. Qa8+ Ke7 27. Qxa5 f5
28. Bd3 Qd4 29. Kc1 Qe3+ 30. Kb1 Qd4 31. Kc1 Qe3+ 32. Kb1 Qd4 33. Kc1 Qe3+ 1/2-1/2

[Event "TCh-TUR Super League 2015"]
[Site "Kocaeli TUR"]
[Date "2015.08.11"]
[Round "8.1"]
[Board "5"]
[White "Atalik, Ekaterina"]
[Black "Tulay, Seray"]
[Result "1-0"]
[WhiteTitle "IM"]
[WhiteElo "2382"]
[BlackElo "1798"]
[WhiteTeam "Kayseri Seker Sports Club"]
[BlackTeam "Tarsus Zeka Satranc Kulubu"]
[WhiteFideId "4130189"]
[BlackFideId "6307787"]
[EventDate "2015.08.04"]

1. d4 d5 2. c4 e6 3. Nc3 Nf6 4. cxd5 exd5 5. Bg5 Be7 6. e3 O-O 7. Bd3 c6 8. h3
Nbd7 9. Qc2 Re8 10. Bf4 Nf8 11. Nf3 Ng6 12. Bh2 Bd6 13. Bxd6 Qxd6 14. O-O-O Bd7
15. g4 Qe7 16. Nd2 Rec8 17. g5 Ne8 18. h4 Bg4 19. Rde1 Bh5 20. f4 Nf8 21. f5 g6
22. e4 Qb4 23. Nb3 dxe4 24. Nxe4 Nd7 25. a3 Qf8 26. Rhf1 Qg7 27. Kb1 b6 28. Ng3
Bg4 29. Re7 Nf8 30. Rf4 Bh5 31. Nxh5 gxh5 32. Rxf7 Kxf7 33. Bc4+ Ke7 34. f6+
Nxf6 35. gxf6+ Qxf6 36. Qe2+ 1-0

[Event "TCh-TUR Super League 2015"]
[Site "Kocaeli TUR"]
[Date "2015.08.11"]
[Round "8.1"]
[Board "6"]
[White "Komut, Burak"]
[Black "Yurtseven, Melih"]
[Result "0-1"]
[BlackTitle "FM"]
[WhiteElo "2007"]
[BlackElo "2299"]
[WhiteTeam "Tarsus Zeka Satranc Kulubu"]
[BlackTeam "Kayseri Seker Sports Club"]
[WhiteFideId "6309984"]
[BlackFideId "6312160"]
[EventDate "2015.08.04"]

1. Nf3 c5 2. c4 g6 3. Nc3 Bg7 4. g3 Nc6 5. Bg2 d6 6. O-O Bf5 7. d3 Qd7 8. Be3
Bh3 9. d4 cxd4 10. Nxd4 Bxg2 11. Kxg2 Nf6 12. f3 O-O 13. Qd2 Rfc8 14. Rac1 Nxd4
15. Qxd4 Qe6 16. b3 d5 17. Na4 Ng4 18. Qxg4 Qxe3 19. Qf4 Qxf4 20. gxf4 dxc4 21.
bxc4 b6 22. Nc3 Rxc4 23. Nd5 Rxc1 24. Rxc1 e6 25. Ne7+ Kf8 26. Rc7 Bd4 27. Nc6
Bf6 28. e4 a6 29. e5 Bd8 30. Rb7 Rc8 31. Nxd8 Rxd8 32. Rxb6 Rd2+ 33. Kg3 Rxa2
34. Rb7 a5 35. Ra7 a4 36. h3 a3 37. Ra8+ Ke7 38. Ra7+ Ke8 39. Kh4 h6 40. Kg3 Ra1
41. Kh2 a2 42. Kg2 Kd8 43. Ra8+ Kc7 44. Ra5 Kb6 45. Ra8 Kb5 46. Ra7 Kb4 47. Ra8
Kb3 48. Rb8+ Kc3 49. Ra8 Rc1 50. Rxa2 Rc2+ 51. Rxc2+ Kxc2 52. Kg3 Kd3 53. Kg4
Ke2 54. Kg3 Ke3 55. Kg4 Kf2 56. h4 h5+ 57. Kg5 Kxf3 58. Kf6 Kxf4 59. Kxf7 Kxe5
60. Kxg6 Kf4 61. Kxh5 Kf5 62. Kh6 e5 63. h5 e4 64. Kg7 e3 65. h6 e2 66. h7 e1=Q
67. h8=Q Qe7+ 68. Kg8 Kg6 69. Qf6+ Kxf6 0-1

[Event "TCh-TUR Super League 2015"]
[Site "Kocaeli TUR"]
[Date "2015.08.11"]
[Round "8.1"]
[Board "7"]
[White "Ozen, Deniz"]
[Black "Sevgi, Volkan"]
[Result "0-1"]
[WhiteTitle "FM"]
[BlackTitle "FM"]
[WhiteElo "2066"]
[BlackElo "2263"]
[WhiteTeam "Kayseri Seker Sports Club"]
[BlackTeam "Tarsus Zeka Satranc Kulubu"]
[WhiteFideId "6349196"]
[BlackFideId "6325335"]
[EventDate "2015.08.04"]

1. e4 c6 2. d4 d5 3. Nc3 g6 4. h3 Bg7 5. Nf3 Nh6 6. Bd3 a5 7. O-O Na6 8. a3 O-O
9. Re1 Nc7 10. Qe2 dxe4 11. Nxe4 Nf5 12. c3 a4 13. Bf4 Ne6 14. Bh2 Ra5 15. Rad1
Bh6 16. Nc5 Nd6 17. Bc2 b6 18. Nxe6 Bxe6 19. Ne5 Qc8 20. h4 Bg7 21. h5 Bd5 22.
hxg6 fxg6 23. Bd3 b5 24. Bg3 Nf5 25. Bxf5 Qxf5 26. Qg4 Bxe5 27. Qxf5 Rxf5 28.
Rxe5 Rxe5 29. Bxe5 Ra8 30. Re1 Kf7 31. Re3 g5 32. f3 h5 33. Kf2 Rg8 34. g4 hxg4
35. fxg4 Rf8 36. Kg1 Ke8 37. Bd6 Kd7 38. Bxe7 Rf4 39. Re5 Rxg4+ 40. Kf1 Rf4+ 41.
Kg1 g4 42. Bh4 Rf3 43. Re7+ Kd6 44. Rg7 Be6 45. Be7+ Kd5 46. Rg6 Bf5 47. Rd6+
Ke4 48. Rxc6 g3 49. Rf6 Rd3 50. Kg2 Kf4 51. Rf8 Rd2+ 52. Kg1 Kg4 53. Kf1 Bd3+
54. Ke1 Re2+ 55. Kd1 Rxe7 0-1

[Event "TCh-TUR Super League 2015"]
[Site "Kocaeli TUR"]
[Date "2015.08.11"]
[Round "8.1"]
[Board "8"]
[White "Ayazmali, Gizem"]
[Black "Aksoy, Ayca"]
[Result "1/2-1/2"]
[WhiteElo "1691"]
[BlackElo "1758"]
[WhiteTeam "Tarsus Zeka Satranc Kulubu"]
[BlackTeam "Kayseri Seker Sports Club"]
[WhiteFideId "6336590"]
[BlackFideId "6355978"]
[EventDate "2015.08.04"]

1. e4 c5 2. c3 d5 3. exd5 Qxd5 4. d4 Nf6 5. Nf3 e6 6. Na3 Nc6 7. Bc4 Qe4+ 8. Qe2
Qxe2+ 9. Bxe2 a6 10. Nc4 Nd5 11. dxc5 Bxc5 12. O-O O-O 13. Nce5 Nxe5 14. Nxe5 f6
15. Nd3 Bb6 16. c4 Ne7 17. c5 Bc7 18. Nf4 Bxf4 19. Bxf4 e5 20. Bc4+ Kh8 21. Bd2
Bd7 22. Rfd1 Ba4 23. b3 Bb5 24. Be6 Rfd8 25. Ba5 Rd4 26. a4 Be2 27. Re1 Bh5 28.
Bc4 Nc6 29. Bc3 Rd7 30. f3 a5 31. Rad1 Rad8 32. Rxd7 Rxd7 33. Bb5 Bf7 34. Rb1
Rc7 35. Bxc6 Rxc6 36. Bxa5 Rxc5 37. b4 Rc2 38. Rd1 Ra2 39. Rd8+ Bg8 40. Rb8 Rxa4
41. Rxb7 h6 42. Rd7 Bc4 43. Rd2 Kh7 44. Kf2 Kg6 1/2-1/2

[Event "TCh-TUR Super League 2015"]
[Site "Kocaeli TUR"]
[Date "2015.08.11"]
[Round "8.2"]
[Board "1"]
[White "Yuksel, Atilla Koksal"]
[Black "Annaberdiev, Meilis"]
[Result "0-1"]
[WhiteTitle "CM"]
[BlackTitle "IM"]
[WhiteElo "2103"]
[BlackElo "2417"]
[WhiteTeam "Ankara Demirspor Kulubu"]
[BlackTeam "Akdeniz Belediyesi Sports Club"]
[WhiteFideId "6306667"]
[BlackFideId "14000563"]
[EventDate "2015.08.04"]

1. e4 c5 2. Nf3 Nc6 3. d4 cxd4 4. Nxd4 Qc7 5. Be3 Nf6 6. Nc3 e6 7. a3 a6 8. Be2
Be7 9. O-O O-O 10. f4 d6 11. Nb3 b5 12. Bf3 Bb7 13. Qe2 Rfe8 14. Qf2 Rac8 15.
Rfd1 Nd7 16. Rd3 Na5 17. Nxa5 Qxa5 18. e5 d5 19. Qd2 Qc7 20. Bd4 Nb6 21. b3 Nd7
22. Ra2 f6 23. exf6 Bxf6 24. Ne2 e5 25. fxe5 Nxe5 26. Bxe5 Qxe5 27. Nd4 Bg5 28.
Qf2 Be3 29. Rxe3 Qxe3 30. Qxe3 Rxe3 31. Kf2 Re5 32. Ra1 Kf7 33. Rd1 Ke7 34. Rd3
Rc7 35. Rd2 Bc8 36. Kg3 Kd6 37. Be2 Rc3+ 38. Kf2 Bd7 39. Nf3 Re7 40. Nd4 Rf7+
41. Bf3 Bf5 42. Kg1 Rc5 43. h3 Bg6 44. b4 Rc4 45. Nb3 Be4 46. Bxe4 Rxe4 47. Nc5
Re1+ 48. Kh2 Rfe7 0-1

[Event "TCh-TUR Super League 2015"]
[Site "Kocaeli TUR"]
[Date "2015.08.11"]
[Round "8.2"]
[Board "2"]
[White "Annaberdiyev, Babageldi"]
[Black "Severcan, Sedat Sabri"]
[Result "1-0"]
[WhiteTitle "FM"]
[WhiteElo "2234"]
[BlackElo "1819"]
[WhiteTeam "Akdeniz Belediyesi Sports Club"]
[BlackTeam "Ankara Demirspor Kulubu"]
[WhiteFideId "14000385"]
[BlackFideId "6351395"]
[EventDate "2015.08.04"]

1. Nf3 d5 2. d4 e6 3. g3 Nf6 4. Bg2 c5 5. O-O Nc6 6. Nc3 cxd4 7. Nxd4 Be7 8. e4
dxe4 9. Nxc6 Qxd1 10. Rxd1 bxc6 11. Nxe4 Nxe4 12. Bxe4 Bb7 13. Be3 a6 14. Rd3
Rd8 15. Rb3 Ba8 16. Rb6 c5 17. Bxa8 Rxa8 18. Rd1 O-O 19. Rd7 Bf6 20. Bxc5 Rfc8
21. b4 a5 22. a3 axb4 23. axb4 Ra1+ 24. Kg2 Rc1 25. Rc7 Ra8 26. Be3 Rb1 27. Rbb7
h5 28. b5 h4 29. gxh4 Raa1 30. b6 Rh1 31. Ra7 Rag1+ 32. Kf3 Be5 33. Rc5 Bxh2 34.
Rb5 Re1 35. b7 Bb8 36. Ra8 Rh3+ 37. Ke4 Rxh4+ 38. Kd3 Rd1+ 39. Ke2 Rd8 40. Bg5
Re4+ 41. Kf3 1-0

[Event "TCh-TUR Super League 2015"]
[Site "Kocaeli TUR"]
[Date "2015.08.11"]
[Round "8.2"]
[Board "3"]
[White "Arig, Busra"]
[Black "Dogan, Nazmi Can"]
[Result "0-1"]
[WhiteElo "1783"]
[BlackElo "2213"]
[WhiteTeam "Ankara Demirspor Kulubu"]
[BlackTeam "Akdeniz Belediyesi Sports Club"]
[WhiteFideId "6309356"]
[BlackFideId "6309658"]
[EventDate "2015.08.04"]

1. d4 Nf6 2. Nf3 g6 3. c4 Bg7 4. Nc3 O-O 5. e4 d6 6. Bg5 h6 7. Bh4 c5 8. dxc5
Qa5 9. Bxf6 Bxf6 10. Rc1 Bxc3+ 11. Rxc3 dxc5 12. a3 Nc6 13. Qc1 Kg7 14. h4 h5
15. Be2 e5 16. Nh2 Qd8 17. Nf3 Bg4 18. Ng5 f6 19. Bxg4 fxg5 20. Bxh5 gxh5 21.
hxg5 Qd4 22. Qc2 Rad8 23. Rxh5 Rxf2 24. Qc1 Rxg2 25. Rh1 Qf2# 0-1

[Event "TCh-TUR Super League 2015"]
[Site "Kocaeli TUR"]
[Date "2015.08.11"]
[Round "8.2"]
[Board "5"]
[White "Gyokbulut, Julia"]
[Black "Yordanova, Svetla"]
[Result "0-1"]
[WhiteTitle "WFM"]
[BlackTitle "WIM"]
[WhiteElo "1975"]
[BlackElo "2131"]
[WhiteTeam "Ankara Demirspor Kulubu"]
[BlackTeam "Akdeniz Belediyesi Sports Club"]
[WhiteFideId "4153979"]
[BlackFideId "2905108"]
[EventDate "2015.08.04"]

1. d4 Nf6 2. c4 c5 3. d5 e6 4. Nc3 exd5 5. cxd5 d6 6. Nf3 g6 7. Nd2 Bg7 8. e4
O-O 9. Be2 Na6 10. O-O Nc7 11. a4 Nfe8 12. Nc4 f5 13. exf5 Bxf5 14. Ne3 Bd7 15.
Ra3 a6 16. Bg4 Bxg4 17. Nxg4 b5 18. axb5 axb5 19. Rxa8 Qxa8 20. Ne4 Qxd5 21.
Qxd5+ Nxd5 22. b3 Nf4 23. g3 Ne2+ 24. Kg2 Nxc1 25. Rxc1 h5 26. Ne3 Rf7 27. Nd5
Ra7 28. Re1 Bd4 29. Ng5 Nf6 30. Ne7+ Kg7 31. Nc6 Ra2 32. Nxd4 cxd4 33. Ne6+ Kh6
34. Nxd4 Rd2 35. Ne2 Ng4 36. h3 Ne5 37. Nc1 b4 38. Re4 Rc2 39. Ne2 Nd3 40. Re8
Rb2 41. h4 Kg7 42. Re3 Rxb3 43. Nd4 Rc3 44. Nb5 Rb3 45. Nxd6 Nc5 46. Re5 Nd3 47.
Rb5 Rb2 48. Ne4 Kf7 49. g4 hxg4 50. Kg3 Re2 51. Ng5+ Ke7 52. Kxg4 Nxf2+ 53. Kf3
Rb2 54. Rb7+ Kd6 55. Rg7 Nd3 56. Rxg6+ Kd5 57. Rb6 Kc5 58. Rb8 Rh2 59. Ke3 Ne5
60. Ne4+ Kc4 61. Nd2+ Kc3 62. Ne4+ Kb3 63. Nd2+ Ka3 64. Nb1+ Ka4 65. Nd2 Rxh4
66. Ra8+ Kb5 67. Rb8+ Kc5 68. Ke2 Nc6 69. Rb7 Nd4+ 70. Kd3 Rh3+ 71. Ke4 Nb5 72.
Rb8 Nd6+ 73. Kf4 Rd3 74. Nf3 b3 75. Ne5 Rh3 76. Nd7+ Kc4 77. Nb6+ Kc3 78. Kg4
Rd3 79. Na4+ Kc2 80. Rb4 Rd5 81. Kf4 Rf5+ 82. Kg4 Rb5 83. Rd4 Nf5 84. Rc4+ Kd2
85. Kf4 Kd3 86. Nb2+ Kd2 87. Na4 Ng7 88. Rd4+ Kc2 89. Rc4+ Kd3 90. Nb2+ Kd2 91.
Na4 Ne6+ 92. Kf3 Rf5+ 93. Kg3 Rd5 94. Nb2 Rc5 95. Re4 Rc3+ 96. Kf2 Nc5 97. Re2+
Kc1 98. Kf1 Rc2 99. Rxc2+ Kxc2 100. Nc4 Ne4 101. Ke1 Kc1 102. Ke2 Nd6 103. Ne5
Kc2 104. Nd3 Nb5 105. Ke3 Na3 106. Kd4 Kd2 107. Nb2 Nb5+ 108. Kc4 Kc2 109. Na4
Na3+ 110. Kb4 Nb1 111. Kc4 Nd2+ 112. Kb4 Ne4 113. Kc4 Nd6+ 114. Kb4 Nc8 115. Kb5
Ne7 116. Kc5 Nf5 117. Kc4 Ne3+ 118. Kb5 Nd5 119. Kc4 Nb6+ 120. Nxb6 b2 0-1